COAL MINING OF MANAGEMENT [VOL IV] (Record no. 5395)

MARC details
000 -LEADER
fixed length control field 00374nam a22001457a 4500
005 - DATE AND TIME OF LATEST TRANSACTION
control field 20250505162015.0
008 - FIXED-LENGTH DATA ELEMENTS--GENERAL INFORMATION
fixed length control field 170401b xxu||||| |||| 00| 0 eng d
041 ## - LANGUAGE CODE
Language code of text/sound track or separate title eng
100 ## - MAIN ENTRY--AUTHOR NAME
Personal name MATHUR,S.P, AND SINGH, N.K.
245 ## - TITLE STATEMENT
Title COAL MINING OF MANAGEMENT [VOL IV]
260 ## - PUBLICATION, DISTRIBUTION, ETC. (IMPRINT)
Name of publisher KHANAN PRAKSHAN
Place of publication BILASPUR
300 ## - PHYSICAL DESCRIPTION
Number of Pages VOL, IV 12-55;P
650 ## - SUBJECT ADDED ENTRY--TOPICAL TERM
Topical Term MINING
942 ## - ADDED ENTRY ELEMENTS (KOHA)
Koha item type Books
Holdings
Lost status Damaged status Home library Current library Shelving location Date acquired Source of acquisition Cost, normal purchase price Full call number Accession Number Koha item type
    JRU Library   SHELF-6-C 05/05/2025 PURCHASE 3250.00 622 21641 Books